| 000 | 01136nam a22002657a 4500 | ||
|---|---|---|---|
| 999 |
_c65344 _d65344 |
||
| 005 | 20240530110820.0 | ||
| 008 | 190711s2019 ua ak g b 000 0 ara d | ||
| 017 |
_a11081 _bمصر. دار الكتب |
||
| 020 | _a9789773085650 | ||
| 040 |
_aEG-CaGPL _cEG-CaGPL |
||
| 082 | 0 | 4 |
_221 _a371.33/ _bن ح |
| 100 | 0 | _aنازك احمد التهامى | |
| 245 | 1 | 2 |
_aالحوسبة التعليمية الحديثة / _cتاليف نازك احمد التهامى ...[وآخ]. |
| 260 |
_aالقاهرة : _bدار العلم والايمان للنشر والتوزيع، _c2019. |
||
| 300 |
_a387 ص. : _bايض ؛ _c24 سم. |
||
| 504 | _aيشتمل على ارجاعات ببليوجرافية | ||
| 650 | 0 | 7 |
_2qrmak _aالتعليم _xوسائل سمعية وبصرية |
| 650 | 0 | 7 |
_2qrmak _aالتعليم بالحاسب الالى |
| 651 | _2qrmak | ||
| 700 | 0 |
_aابراهيم جابر المصرى _eمؤلف مشارك |
|
| 700 | 0 |
_aاسماعيل محمود على _eمؤلف مشارك |
|
| 700 | 0 |
_aياسمين اسلام على _eمؤلف مشارك |
|
| 942 |
_2ddc _cBK |
||